000 00651cam a22002293a 4500
001 18046
003 PGUSA
005 20140828083402.0
008 060324s2006||||xxu|||||s|||||000 1 eng d
040 _aPGUSA
_beng
042 _adc
050 4 _aPQ
100 1 _aPorati, R. A.
245 1 0 _aUna notte fatale :
_bovvero il racconto dell'esiliato / bozzetti milanesi
_h[electronic resource] /
_cR. A. Porati
260 _bProject Gutenberg,
_c2006
506 _aPublic domain in the USA.
516 _aElectronic text
653 _aFiction
830 0 _aProject Gutenberg
_v18046
856 4 0 _uhttp://www.gutenberg.org/ebooks/18046
942 _cEB
999 _c247301
_d247301